000 00886nam0a22002531 4500
001 v19\rc\1854435
005 20260405202848.0
035 _a(NLR Aleph) 005258849
090 _a5880514
_c5880514
100 _a20080221d1909 |||y0rusy50 ca
101 0 _arus
102 _aRU
105 _ay z |||||
200 1 _aВыяснение основ счисления бесконечных величин
_fБ.Н. Лебедев
210 _aСанкт-Петербург
_cтип. "Начало"
_d1909
215 _a16 с.
_d20
700 1 _8rus
_7ca
_aЛебедев
_bБ. Н.
_cлитератор
_gБорис Николаевич
_3RU\NLR\AUTH\7790305
_973232
801 0 _aRU
_bNLR
_c20080221
_gpsbo
801 0 _aRU
_bRuMoRGB
_c20080221
_2psbo
801 1 _aRU
_bProSoft-M
_c20080221
_2rusmarc
801 2 _aRU
_bNLR
_c20100804
_2rusmarc
852 _aNLR
_j34.85.7.650
942 _cBOOK
980 _aNB